000 00332nam a2200133Ia 4500
008 240624s9999 xx 000 0 und d
041 _aeng
082 _a658.155 ICF
100 _aICFAI
245 _aRISK MANAGEMENT IN BANKS TEXTBOOK
260 _c2008
_aHyderabad
_bICFAI press
300 _a344 : p. : cm. ; 26
365 _cRS
_b20
999 _c12417
_d12417